[Event "Titled Tuesday intern op 06th Jun Late"]
[Site "Chess.com INT"]
[Date "2023.06.06"]
[Round "9"]
[White "Dedona, Mark"]
[Black "Jaivardhan, Raja Pilla"]
[Result "1-0"]
[WhiteElo "1707"]
[BlackElo "1901"]
[PlyCount "111"]
[EventDate "2023.06.06"]
[EventType "swiss (blitz)"]
[EventRounds "11"]
[EventCountry "USA"]
[SourceTitle "EXT 2024"]
[Source "ChessBase"]
[SourceDate "2023.10.10"]
[SourceVersion "1"]
[SourceVersionDate "2023.10.10"]
[SourceQuality "1"]

1. e4 c5 2. b3 b6 3. Bb2 Bb7 4. d3 Nf6 5. Nd2 d6 6. g3 Nbd7 7. Bg2 Qc7 8. Ne2 e6 9. 0-0 Be7 10. h3 0-0 11. Kh2 d5 12. f4 dxe4 13. dxe4 Rad8 14. Qe1 e5 15. f5 Ba6 16. c4 Nb8 17. Nc3 Nc6 18. Nd5 Nxd5 19. exd5 Nd4 20. Bxd4 exd4 21. Ne4 Bc8 22. f6 gxf6 23. Nxf6+ Bxf6 24. Rxf6 Rde8 25. Qd2 Re3 26. Rf3 Rfe8 27. Raf1 h6 28. Qf2 Re2 29. Rxf7 Rxf2 30. Rxc7 Rxa2 31. d6 Ree2 32. Rxc8+ Kg7 33. Rg1 Re6 34. d7 Rd6 35. d8Q Rxd8 36. Rxd8 Rb2 37. Re1 Rxb3 38. Rd6 Rb2 39. Re7+ Kf8 40. Rc7 Re2 41. Rd8+ Re8 42. Rxe8+ Kxe8 43. Rxa7 Kd8 44. Rb7 Kc8 45. Rxb6 Kc7 46. Rc6+ Kd7 47. Rxc5 Ke6 48. Rd5 Kf6 49. Rxd4 Ke6 50. Rd5 Kf6 51. c5 Ke6 52. c6 Kf6 53. c7 Ke6 54. c8Q+ Kf6 55. Qc6+ Ke7 56. Rd7+ 1-0

[Event "Titled Tuesday intern op 10th Jan Late"]
[Site "Chess.com INT"]
[Date "2023.01.10"]
[Round "4"]
[White "Dedona, Mark"]
[Black "Guerb, Leonid"]
[Result "1-0"]
[WhiteElo "1662"]
[BlackElo "2295"]
[PlyCount "59"]
[EventDate "2023.01.10"]
[EventType "swiss (blitz)"]
[EventRounds "11"]
[EventCountry "USA"]
[SourceTitle "EXT 2024"]
[Source "ChessBase"]
[SourceDate "2023.10.10"]
[SourceVersion "1"]
[SourceVersionDate "2023.10.10"]
[SourceQuality "1"]

1. e4 c5 2. b3 Nf6 3. e5 Nd5 4. Nc3 Nxc3 5. dxc3 Nc6 6. Qd5 e6 7. Qe4 d6 8. f4 dxe5 9. fxe5 Qd5 10. Qxd5 exd5 11. Bb5 Bd7 12. Bxc6 Bxc6 13. Nf3 d4 14. cxd4 Bxf3 15. gxf3 cxd4 16. Bg5 Bb4+ 17. Ke2 h6 18. Bd2 Bc5 19. Kd3 0-0-0 20. Rhg1 g5 21. h4 gxh4 22. Rg7 Rde8 23. Bf4 Rhg8 24. Rxf7 Ref8 25. Rxf8+ Rxf8 26. Ke4 Kd7 27. Rh1 Be7 28. Bxh6 Ke6 29. Bxf8 Bxf8 30. Rxh4 1-0

[Event "Titled Tuesday intern op 10th Jan Late"]
[Site "Chess.com INT"]
[Date "2023.01.10"]
[Round "3"]
[White "Kabilov, Amin"]
[Black "Dedona, Mark"]
[Result "1-0"]
[WhiteElo "2207"]
[BlackElo "1662"]
[PlyCount "45"]
[EventDate "2023.01.10"]
[EventType "swiss (blitz)"]
[EventRounds "11"]
[EventCountry "USA"]
[SourceTitle "EXT 2024"]
[Source "ChessBase"]
[SourceDate "2023.10.10"]
[SourceVersion "1"]
[SourceVersionDate "2023.10.10"]
[SourceQuality "1"]

1. e4 c5 2. Nf3 d6 3. a3 Nf6 4. Nc3 g6 5. b4 cxb4 6. axb4 Nc6 7. b5 Ne5 8. Nxe5 dxe5 9. Bc4 Bg7 10. 0-0 0-0 11. Ba3 Qc7 12. d3 Rd8 13. Qe2 b6 14. f4 exf4 15. e5 Ng4 16. Nd5 Qxe5 17. Nxe7+ Kh8 18. Rae1 Qxe2 19. Rxe2 Bd4+ 20. Kh1 Be3 21. Rxe3 Nxe3 22. Bb2+ f6 23. Bxf6# 1-0

[Event "Marshall CC-ch 104th"]
[Site "Chess.com INT"]
[Date "2020.12.20"]
[Round "5"]
[White "Dedona, Mark"]
[Black "Stupak, Kirill"]
[Result "0-1"]
[WhiteElo "1974"]
[BlackElo "2515"]
[PlyCount "54"]
[EventDate "2020.12.19"]
[EventType "swiss"]
[EventRounds "9"]
[EventCountry "USA"]
[SourceTitle "CBM 200 Extra"]
[Source "ChessBase"]
[SourceDate "2021.03.31"]
[SourceVersion "1"]
[SourceVersionDate "2021.03.31"]
[SourceQuality "1"]

1. e4 c6 2. d4 d5 3. Nc3 a6 4. Be3 b5 5. a3 h6 6. h4 e6 7. g3 Nf6 8. Bd3 Bb7 9. e5 Nfd7 10. Nce2 c5 11. c3 Nxe5 12. dxe5 d4 13. cxd4 Bxh1 14. f3 Nc6 15. Be4 Rc8 16. Kf2 cxd4 17. Bxc6+ Rxc6 18. Nxd4 Rc5 19. Nge2 Rxe5 20. Qxh1 Bc5 21. Rd1 Rxe3 22. Kxe3 e5 23. Qe1 exd4+ 24. Nxd4 0-0 25. Qc3 Qe7+ 26. Kf2 Rd8 27. Kf1 Qd6 0-1

[Event "USA National op 51st"]
[Site "ICC INT"]
[Date "2020.11.27"]
[Round "3"]
[White "Poliannikov, Danila"]
[Black "Dedona, Mark"]
[Result "1-0"]
[WhiteElo "2227"]
[BlackElo "1974"]
[PlyCount "43"]
[EventDate "2020.11.27"]
[EventType "swiss"]
[EventRounds "9"]
[EventCountry "USA"]
[SourceTitle "CBM 199 Extra"]
[Source "ChessBase"]
[SourceDate "2021.01.31"]
[SourceVersion "1"]
[SourceVersionDate "2021.01.31"]
[SourceQuality "1"]

1. e4 g6 2. d4 d6 3. f4 c6 4. Nc3 d5 5. e5 h5 6. Nf3 Nh6 7. Be2 Bg7 8. 0-0 0-0 9. Be3 Bg4 10. h3 Bxf3 11. Bxf3 Nf5 12. Bf2 h4 13. Bg4 e6 14. Bxf5 exf5 15. Qe1 Qb6 16. Rb1 f6 17. Na4 Qa6 18. Nc5 Qxa2 19. e6 b6 20. e7 Re8 21. Qe6+ Kh7 22. Qf7 1-0

[Event "New York-Singapore Online"]
[Site "chess24.com INT"]
[Date "2020.05.31"]
[Round "2.17"]
[White "Goh, Sean Christian"]
[Black "Dedona, Mark"]
[Result "1-0"]
[WhiteElo "2159"]
[BlackElo "1974"]
[PlyCount "77"]
[EventDate "2020.05.31"]
[EventType "team-match (rapid)"]
[EventRounds "2"]
[EventCountry "USA"]
[SourceTitle "CBM 196 Extra"]
[Source "ChessBase"]
[SourceDate "2020.07.31"]
[SourceVersion "1"]
[SourceVersionDate "2020.07.31"]
[SourceQuality "1"]
[WhiteTeam "Singapore"]
[BlackTeam "New York"]
[WhiteTeamCountry "SIN"]
[BlackTeamCountry "USA"]

1. d4 e6 2. Nf3 b6 3. e4 d5 4. exd5 Qxd5 5. c4 Bb4+ 6. Bd2 Bxd2+ 7. Qxd2 Qh5 8. Nc3 Bb7 9. Be2 Qg6 10. d5 Nd7 11. Nb5 0-0-0 12. Qf4 e5 13. Nxe5 Nxe5 14. Qxe5 Rd7 15. Qe8+ Rd8 16. Nxa7+ Kb8 17. Qxd8+ Kxa7 18. Rd1 Qd6 19. Qxd6 cxd6 20. Kd2 Nf6 21. Bf3 Nd7 22. Rhe1 Ne5 23. Be2 g5 24. h4 h6 25. hxg5 hxg5 26. Rh1 Rg8 27. Rh6 Rd8 28. Rdh1 b5 29. cxb5 Bxd5 30. a4 Kb6 31. b4 Nc4+ 32. Kc3 Ne5 33. Rh8 Rd7 34. a5+ Kb7 35. b6 Bxg2 36. Rc1 Nc6 37. Rg1 Be4 38. Rxg5 Bg6 39. Bf3 1-0